Responses for show #3058 - Wednesday, December 10, 1997

Contestants

[<< previous game]

Kevin Forsyth, a computer systems analyst originally from East Lansing, Michigan

Suzanne Hayes, an actress originally from Dallas, Texas

Tim McMullen, a substitute teacher from Coudersport, Pennsylvania (whose 1-day cash winnings total $12,001)

[next game >>]

Jeopardy! Round responses

HOODS
BORN TO KILL
LET'S PLAY CLUE
WE'RE "THROUGH"
PEN NAMES
SHAKESPEARE
    $100 14
Little Red Riding Hood

Kevin
    $100 12
Spiders

Tim
    $100 6
Candlestick

Tim
    $100 18
See-through

Kevin
    $100 1
"The Rock"

Tim
    $100 4
(K: What is history?)

True love

SuzanneKevin
    $200 15
Cobra

Tim
    $200 13
Grizzly

Kevin
    $200 7
Tim Curry

Suzanne
    $200 19
Follow-through

Kevin
    $200 2
Illinois

Kevin
    $200 5
Hamlet

Kevin
    $300 20
(K: Who is the Lone Ranger?)

Robin Hood

SuzanneKevin
    $300 28
Hawk

Triple Stumper
    $300 9
He invented the game ("Cluedo")

Triple Stumper
    $300 23
Breakthrough

Kevin
    $300 3
Ossining

Suzanne
    $300 8
Lady Macbeth

Kevin
    $400 26
Bonnet

Suzanne
    $400 29
Venus Flytrap

Triple Stumper
    $400 10
Professor Plum

Kevin
    $400 24
"Through thick & thin"

Kevin
    $400 16
Leavenworth

Kevin
    $400 21
"The Merchant of Venice"

Suzanne
    $500 27
(K: What is hangman?)

Blind Man's Bluff

Kevin
Triple Stumper
    $500 30
Trichinosis

Suzanne
    $500 11
(K: Who is Mr. Boddy with 2 "D"'s?)
(Alex: And thanks for the spelling as well!)

Mr. Boddy

Kevin
    $500 25
"Going through the wringer"

Kevin
    $500 17
"The Hanoi Hilton"

Kevin
    $1,000 22
(Alex: With Kenneth Branagh as Iago and Laurence Fishburne as Othello.)

Othello

Suzanne

Scores at the first commercial break (after clue 15):

Tim Suzanne Kevin
$500 $600 $1,800

Scores at the end of the Jeopardy! Round:

Tim Suzanne Kevin
$500 $3,200 $3,400

Double Jeopardy! Round responses

WORLD HISTORY
RECORD PRODUCERS
AROUND THE U.S.A.
CELEBRITY ODD JOBS
FOREIGN FOOD & DRINK
IT'S IN THE "BOOK"
    $200 1
Israel

Kevin
    $200 30
The Beatles

Kevin
    $200 2
Arkansas

Kevin
    $200 7
Sylvester Stallone

Tim
    $200 5
Beer

Kevin
    $200 4
Telephone book

Kevin
    $400 8
Philippines

Kevin
    $400 10
Phil Spector

Tim
    $400 3
Indianapolis

Kevin
    $400 18
Michelle Pfeiffer

Tim
    $400 6
Guacamole

Kevin
    $400 21
Bookworm

Suzanne
    $600 14
(K: What is Spain?)

Sweden

SuzanneKevin
    $2,200 9
(K: Who is David Geffen?)

Quincy Jones (for Michael Jackson's "Thriller")

Kevin
    $600 19
(K: What is Montreux?)
(T: What is Newport Beach?)

Monterey

TimSuzanneKevin
    $600 20
Gene Wilder

Kevin
    $600 13
Souffle

Tim
    $600 27
Bookmaker/bookie

Suzanne
    $800 16
Opium Wars

Tim
    $800 11
"Jagged Little Pill"

Tim
    $800 24
New Hampshire

Tim
    $800 22
Sam Kinison

Suzanne
    $800 15
Saffron

Tim
    $800 28
Redbook

Suzanne
    $1000 17
(T: What is India?)
(K: What is Cambodia?)

Ceylon/Sri Lanka

TimKevin
Triple Stumper
    $1000 12
David Bowie

Suzanne
    $1000 25
(with a minute to go...)

Bowling Green

Tim
    $1000 23
Pierce Brosnan

Tim
    $1000 26
Stilton

Suzanne
    $1000 29
Comic books

Kevin

Scores at the end of the Double Jeopardy! Round:

Tim Suzanne Kevin
$5,700 $9,000 $2,800

[wagering suggestions for these scores]

Final Jeopardy! Round responses

WOMEN
(Alex: Good subject!)
KevinWhat is Susan B. Anthony
$800
TimWhat was Dolly Madison?
$5,700
SuzanneWhat is Clar
$2,401
(1 of) Susan B. Anthony, Lucretia Mott & Elizabeth Cady Stanton

Final scores:

Tim Suzanne Kevin
$0 $6,599 $3,600
3rd place: Monorail Desktop PC New champion: $6,599 2nd place: Trip to Couples Resort, Jamaica

Game dynamics:

Coryat scores:

Tim Suzanne Kevin
$5,700 $8,500 $5,000
14 R,
2 W
16 R
(including 2 DDs),
0 W
24 R,
7 W
(including 1 DD)

Combined Coryat: $19,200

The J! Archive is created by fans, for fans. The Jeopardy! game show and all elements thereof, including but not limited to copyright and trademark thereto, are the property of Jeopardy Productions, Inc. and are protected under law. This website is not affiliated with, sponsored by, or operated by Jeopardy Productions, Inc. Join the discussion at JBoard.tv.